Normal view
MARC view
Entry Personal Name
001 - CONTROL NUMBER
- control field: 17268
003 - CONTROL NUMBER IDENTIFIER
- control field: dpl
005 - DATE AND TIME OF LATEST TRANSACTION
- control field: 20100827104935.0
008 - FIXED-LENGTH DATA ELEMENTS
- fixed length control field: 100827|||a|||||| | ||| d
040 ## - CATALOGING SOURCE
- Original cataloging agency: dpl
- Transcribing agency: dpl
100 ## - HEADING--PERSONAL NAME
- Personal name: Sridharan, N.R.
670 ## - SOURCE DATA FOUND
- Source citation: Work cat.: (dpl)36065: Sridharan, N.R., Guide to takeovers and mergers :, 2010
670 ## - SOURCE DATA FOUND
- Source citation: Work cat.: (dpl)36065: Sridharan, N.R., Guide to takeovers and mergers :, 2010
